Lewis Wallace - Ben hur (Record no. 22604)
[ view plain ]
| 000 -LEADER | |
|---|---|
| fixed length control field | 00249nam a22001097a 4500 |
| 001 - CONTROL NUMBER | |
| control field | 22604 |
| 005 - DATE AND TIME OF LATEST TRANSACTION | |
| control field | 20260402100138.0 |
| 008 - FIXED-LENGTH DATA ELEMENTS--GENERAL INFORMATION | |
| fixed length control field | 260402b |||||||| |||| 00| 0 eng d |
| 040 ## - CATALOGING SOURCE | |
| Language of cataloging | Nemčina |
| 245 ## - TITLE STATEMENT | |
| Title | Lewis Wallace - Ben hur |
| 942 ## - ADDED ENTRY ELEMENTS (KOHA) | |
| Source of classification or shelving scheme | Dewey Decimal Classification |
| Koha item type | Krásna literatúra pre dospelých |
| Suppress in OPAC | No |
| Stav vyradenia | Strata | Poškodenie | Spôsob nadobudnutia | Domovská knižnica | Aktuálna knižnica | Dátum nadobudnutia | Total checkouts | Čiarový kód exemplára | Date last seen | Typ exemplára |
|---|---|---|---|---|---|---|---|---|---|---|
| Dar | Obecná knižnica Horná Štubňa | Obecná knižnica Horná Štubňa | 02.04.2026 | 4736202162 | 02.04.2026 | Krásna literatúra pre dospelých |
